Análisis factorial confirmatorio de la escala valencia de actitudes y creencias hacia la hipnosis (versión cliente revisada), en una muestra española (Record no. 174525)
[ view plain ]
| 000 -CABECERA | |
|---|---|
| campo de control de longitud fija | 02195nab a2200325 a 4500 |
| 005 - FECHA Y HORA DE LA ÚLTIMA TRANSACCIÓN | |
| campo de control | 20210219162343.0 |
| 008 - ELEMENTOS DE LONGITUD FIJA--INFORMACIÓN GENERAL | |
| campo de control de longitud fija | 991125s1985 mx 000 0 spa u |
| 035 ## - NÚMERO DE CONTROL DEL SISTEMA | |
| Número de control de sistema | UPN01000202424 |
| 049 ## - COLECCIÓN | |
| Colección | ART-E |
| 100 1# - ASIENTO PRINCIPAL--NOMBRE PERSONAL | |
| Nombre de persona | Capafons, Antonio |
| 100 1# - ASIENTO PRINCIPAL--NOMBRE PERSONAL | |
| Filiación | antonio.capafons@uv.es |
| 100 1# - ASIENTO PRINCIPAL--NOMBRE PERSONAL | |
| Nombre de persona | Suárez Rodríguez, Jesús M. |
| 100 1# - ASIENTO PRINCIPAL--NOMBRE PERSONAL | |
| Nombre de persona | Selma, María Luisa |
| 222 #0 - TÍTULO CLAVE | |
| Título clave | ANALES DE PSICOLOGIA |
| 245 00 - MENCIÓN DE TÍTULO | |
| Título | Análisis factorial confirmatorio de la escala valencia de actitudes y creencias hacia la hipnosis (versión cliente revisada), en una muestra española |
| 260 ## - PUBLICACIÓN, DISTRIBUCIÓN, ETC. | |
| Lugar de publicación, distribución, etc. | España |
| 300 ## - DESCRIPCIÓN FÍSICA | |
| Extensión | 84-95 |
| 362 0# - FECHAS DE PUBLICACIÓN Y/O DESIGNACIÓN SECUENCIAL | |
| Fecha de publicación y/o designación secuencial | 2015 Vol. 31, no. 1, ene. |
| 336 ## - TIPO DE CONTENIDO | |
| Término de tipo de contenido | texto$2rdacontent |
| 337 ## - TIPO DE MEDIO | |
| Nombre/término del tipo de medio | computadora$2rdamedia |
| 338 ## - TIPO DE SOPORTE | |
| Nombre/término del tipo de soporte | recurso en linea$2rdacarrier |
| 520 3# - NOTA DE RESUMEN, ETC. | |
| Sumario, etc. | Diversas aproximaciones a la hipnosis han destacado la relevancia de las actitudes y creencias sobre ella para la promoción de las respuestas hipnóticas, para predecir la eficacia de las intervenciones que incluyen a la hipnosis, y para evitar iatrogenia en los usuarios que la reciben. El objetivo de este trabajo es investigar la nueva variación en castellano de La Escala de Valencia de Actitudes y Creencias hacia la Hipnosis versión Cliente. Se ha analizado su estructura factorial y propiedades psicométricas con metodología confirmatoria, usando una muestra exclusivamente española, para observar si se confirman los resultados de anteriores investigaciones exploratorias y confirmatorias realizadas con muestras de diferentes países. Se ha usado una muestra de 1.678 estudiantes universitarios españoles. Los resultados muestran una estructura de 8 factores (Miedo, Memoria, Ayuda, Control, Colaboración, Interés, Mágica y Marginal) y obtiene índices adecuados de consistencia interna y fiabilidad test-retest, resultados similares a los encontrados en análisis factoriales exploratorios y confirmatorios con muestras de diferentes países. |
| 653 0# - TERMINO DE INDIZACION - NO CONTROLADO | |
| Término no controlado | HIPNOSIS |
| 653 0# - TERMINO DE INDIZACION - NO CONTROLADO | |
| Término no controlado | ACTITUDES |
| 653 0# - TERMINO DE INDIZACION - NO CONTROLADO | |
| Término no controlado | EVALUACION |
| 653 0# - TERMINO DE INDIZACION - NO CONTROLADO | |
| Término no controlado | ANALISIS FACTORIAL CONFIRMATORIO |
| 856 4# - LOCALIZACIÓN Y ACCESO ELECTRÓNICOS | |
| Identificador Uniforme del Recurso | <a href="http://revistas.um.es/analesps/article/view/171391/169921">http://revistas.um.es/analesps/article/view/171391/169921</a> |
| 905 ## - TIPO DE MATERIAL | |
| Tipo de material | Articulo |
No items available.
